Advanced analytical study on some drugs containing amide group / (رقم التسجيلة. 179232)

تفاصيل مارك
000 -LEADER
fixed length control field 04953namaa22004571i 4500
003 - CONTROL NUMBER IDENTIFIER
control field EG-GICUC
005 - أخر تعامل مع التسجيلة
control field 20260427120756.0
008 - FIXED-LENGTH DATA ELEMENTS--GENERAL INFORMATION
fixed length control field 260406s2025 ua a|||frm||| 000 0 eng d
040 ## - CATALOGING SOURCE
Original cataloguing agency EG-GICUC
Language of cataloging eng
Transcribing agency EG-GICUC
Modifying agency EG-GICUC
Description conventions rda
041 0# - LANGUAGE CODE
Language code of text/sound track or separate title eng
Language code of summary or abstract eng
-- ara
049 ## - Acquisition Source
Acquisition Source Deposit
082 04 - DEWEY DECIMAL CLASSIFICATION NUMBER
Classification number 615.19
092 ## - LOCALLY ASSIGNED DEWEY CALL NUMBER (OCLC)
Classification number 615.19
Edition number 21
097 ## - Degree
Degree M.Sc
099 ## - LOCAL FREE-TEXT CALL NUMBER (OCLC)
Local Call Number Cai01.08.03.M.Sc.2025.Ha.A
100 0# - MAIN ENTRY--PERSONAL NAME
Authority record control number or standard number Hamees Abdelaty Adawy Kenawy,
Preparation preparation.
245 10 - TITLE STATEMENT
Title Advanced analytical study on some drugs containing amide group /
Statement of responsibility, etc. by Hamees Abdelaty Adawy Kenawy ; Supervision Prof. Dr. Maha Abdel-Moneam Hegazy, Prof. Dr. Shereen Ahmed Boltia, Prof. Dr. Samah Sabry Saad.
246 15 - VARYING FORM OF TITLE
Title proper/short title دراسة تحليلية متقدمة على بعض الأدوية المحتوية علي مجموعة الأميد
264 #0 - PRODUCTION, PUBLICATION, DISTRIBUTION, MANUFACTURE, AND COPYRIGHT NOTICE
Date of production, publication, distribution, manufacture, or copyright notice 2025.
300 ## - PHYSICAL DESCRIPTION
Extent 73 pages :
Other physical details illustrations ;
Dimensions 25 cm. +
Accompanying material CD.
336 ## - CONTENT TYPE
Content type term text
Source rda content
337 ## - MEDIA TYPE
Media type term Unmediated
Source rdamedia
338 ## - CARRIER TYPE
Carrier type term volume
Source rdacarrier
502 ## - DISSERTATION NOTE
Dissertation note Thesis (M.Sc)-Cairo University, 2025.
502 ## - DISSERTATION NOTE
Dissertation note Another copy of the master's thesis is available, presented as a dedication.
504 ## - BIBLIOGRAPHY, ETC. NOTE
Bibliography, etc. note Bibliography: pages 67-73.
520 #3 - SUMMARY, ETC.
Summary, etc. This thesis includes analytical contribution to the analysis of pharmaceutical compounds <br/>in pharmaceutical formulations either singly or in combination. Different analytical <br/>techniques were applied for the determination of formoterol fumarate dihydrate, in its <br/>single formulation and with its co-formulated drug, fluticasone propionate. Formoterol <br/>fumarate dihydrate is a long-acting beta 2-agonist utilized in control of asthma and <br/>chronic obstructive pulmonary disease, it is co-formulated with fluticasone propionate as <br/>a potent synthetic glucocorticoid receptor agonist which is used as an anti-allergic agent, <br/>anti- inflammatory and anti-asthmatic, in the form of inhaling powder or aerosol, for the <br/>management and treatment of asthma, allergic and non-allergic rhinitis also for <br/>management of symptoms for the corona virus patient. <br/>As well as the applicability of the developed methods for routine analysis of the studied <br/>drugs in pure form, mixtures, and their pharmaceutical formulations were checked for <br/>quality control laboratories assay. Also, the developed methods were compared <br/>statistically to the reported HPLC method. <br/>We highlight the impact of applying green analytical chemistry in the suggested techniques <br/>of analysis, demonstrating the greener and the eco-friend of the analytical performance <br/>techniques, as they neither use nor produce harmful or corrosive chemicals or toxic wastes <br/>generation.
520 #3 - SUMMARY, ETC.
Summary, etc. تتناول هذه الرسالة دراسة تحليلية لبعض الادوية التي تحتوي على مجموعة الاميد سواء منفردة أو في مخاليط, وﻗد تم اﺧتيار مركب فورموتيرول فيومارات دايهيدرات بالاضافة الي فلوتيكازون بروبيونات والهدف مﻦ هﺬه الرسالة هو استنباط طرق جديدة تتميز بالبساطة والدﻗة ودرجة الحساسية المناسبة لتحليل هذه المركبات في وجود ﺧليط منها و/أو منفرده وكذلك في وجود أدوية أﺧرى، وإمكانية تطبيق الطرائق المستحدثة لتحليل اﻷدوية المختارة في مستحضراتها الصيدلية ومقارنتها بالطرق المرجعية .<br/>تحتــوي هــﺬه الرســالة علــى اربعة أجــزاء تتضمﻦ: التــراث العلمــي والدراســة العمليــة كما تحتوي علي ستة وثلاثون صورة و اثنين وعشرون جدو ل و ثمانية وثلاثون مرجع في قائمة المراجع بالإضافة الي المراجع الموجودة في كل بحث منشور.
530 ## - ADDITIONAL PHYSICAL FORM AVAILABLE NOTE
Issues CD Issues also as CD.
546 ## - LANGUAGE NOTE
Text Language Text in English and abstract in Arabic & English.
650 #0 - SUBJECT ADDED ENTRY--TOPICAL TERM
Topical term or geographic name entry element Analytical Chemistry
650 #0 - SUBJECT ADDED ENTRY--TOPICAL TERM
Topical term or geographic name entry element كيمياء تحليلية
653 #1 - INDEX TERM--UNCONTROLLED
Uncontrolled term Formoterol fumarate dihydrate
-- Fluticasone propionate
-- Ratio subtraction method
-- First derivative ratio spectra
-- Ratio difference spectrophotometry
-- Derivative spectrofluorimetry
-- B-cyclodextrin
-- Mussel-inspired polymers
-- Poly (methyldopa)
-- Molecularly imprinted polymers
-- فورموتيرول فيومارات
-- فلوتيكازون بروبيونات
700 0# - ADDED ENTRY--PERSONAL NAME
Personal name Maha Abdel-Moneam Hegazy
Relator term thesis advisor.
700 0# - ADDED ENTRY--PERSONAL NAME
Personal name Shereen Ahmed Boltia
Relator term thesis advisor.
700 0# - ADDED ENTRY--PERSONAL NAME
Personal name Samah Sabry Saad
Relator term thesis advisor.
900 ## - Thesis Information
Grant date 01-01-2025
Supervisory body Maha Abdel-Moneam Hegazy
-- Shereen Ahmed Boltia
-- Samah Sabry Saad
Universities Cairo University
Faculties Faculty of Pharmacy
Department Department of Pharmaceutical Analytical Chemistry
905 ## - Cataloger and Reviser Names
Cataloger Name Shimaa
Reviser Names Eman Ghareb
942 ## - ADDED ENTRY ELEMENTS (KOHA)
Source of classification or shelving scheme Dewey Decimal Classification
Koha item type Thesis
Edition 21
Suppress in OPAC No
المقتنيات
Source of classification or shelving scheme Home library Current library Date acquired Inventory number Full call number Barcode Date last seen Effective from Koha item type
Dewey Decimal Classification المكتبة المركزبة الجديدة - جامعة القاهرة قاعة الرسائل الجامعية - الدور الاول 06.04.2026 93673 Cai01.08.03.M.Sc.2025.Ha.A 01010110093673000 06.04.2026 06.04.2026 Thesis
Cairo University Libraries Portal Implemented & Customized by: Eng. M. Mohamady Contacts: new-lib@cl.cu.edu.eg | cnul@cl.cu.edu.eg
CUCL logo CNUL logo
© All rights reserved — Cairo University Libraries
CUCL logo
Implemented & Customized by: Eng. M. Mohamady Contact: new-lib@cl.cu.edu.eg © All rights reserved — New Central Library
CNUL logo
Implemented & Customized by: Eng. M. Mohamady Contact: cnul@cl.cu.edu.eg © All rights reserved — Cairo National University Library